000 00344nam a2200145Ia 4500
008 230917s9999||||xx |||||||||||||| ||und||
040 _e185957
_aMAIN
041 _aEnglish
082 _a780.954 S24S
100 _aShastri, K Vasudev
245 0 _aSangeet shastiar
260 _aLucknow
_bHindi Samiti
_c1968
300 _a429 p.
942 _cBK
999 _c41761
_d41761